| 000 | 01346cam a2200397Ia 4500 | ||
|---|---|---|---|
| 001 | 100807 | ||
| 005 | 20230410105552.0 | ||
| 008 | 040310s2002 dcua b i000 0 spa d | ||
| 035 | _a(OCoLC)ocm54676020 | ||
| 040 |
_aUN@ _cUN@ _dPIT _dOCLCQ |
||
| 020 | _a958682375X | ||
| 020 | _a9789586823753 | ||
| 035 | _a(OCoLC)54676020 | ||
| 041 | 1 |
_aspa _heng |
|
| 043 | _ad------ | ||
| 082 | 0 |
_a333.7 _bA733 2002 |
|
| 050 | 1 | 4 |
_aHC59.72.P55 _bG813a 2002 |
| 130 | 0 |
_aGreening industry. _lSpanish. |
|
| 245 | 1 | 0 |
_aArmonización de la actividad industrial con el medio ambiente : _bnuevas funciones de la comunidad, el mercado y el gobierno. |
| 250 | _a1. ed. | ||
| 260 |
_aWashington, D.C. : _bBanco Mundial ; _a[Bogota] : _bAlfaomega Colombiana, _c2002. |
||
| 300 |
_axx, 151 p. : _bill. ; _c23 cm. |
||
| 490 | 1 | _aA World Bank policy research report | |
| 504 | _aIncludes bibliographical references. | ||
| 650 | 0 |
_aPollution _zDeveloping countries. |
|
| 650 | 0 |
_aEnvironmental policy _zDeveloping countries. |
|
| 650 | 0 | _aSustainable development. | |
| 650 | 4 |
_aContaminación _zPaises desarrollados. |
|
| 650 | 4 |
_aPolítica ambiental _zPaises desarrollados. |
|
| 650 | 4 | _aDesarrollo sostenible. | |
| 710 | 2 | _aWorld Bank. | |
| 830 | 2 | _aA World Bank policy research report. | |
| 942 |
_2lcc _cbk |
||
| 946 | _aFHM | ||
| 994 |
_aC0 _bDRFGD |
||
| 999 |
_c39402 _d39402 |
||